El nuevo imperio americano : (Record no. 110138)

MARC details
000 -LEADER
campo de control de longitud fija 01798cam a2200481Ia 4500
001 - NÚMERO DE CONTROL
campo de control 17279
005 - FECHA Y HORA DE LA ÚLTIMA TRANSACCIÓN
campo de control 20230411085950.0
008 - DATOS DE LONGITUD FIJA--INFORMACIÓN GENERAL
campo de control de longitud fija 060907s2003 sp 001 0 spa d
035 ## - NÚMERO DE CONTROL DEL SISTEMA
Número de control de sistema (OCoLC)ocm54444744
040 ## - FUENTE DE CATALOGACIÓN
Centro catalogador/agencia de origen TXN
Centro/agencia transcriptor TXN
Centro/agencia modificador OCLCQ
-- NLC
-- PL#
-- BAKER
-- YDXCP
016 ## - NÚMERO DE CONTROL DE UNA AGENCIA BIBLIOGRÁFICA NACIONAL
Número de control del registro 20040122840
019 ## -
-- 53440721
020 ## - NÚMERO INTERNACIONAL ESTÁNDAR DEL LIBRO
Número Internacional Estándar del Libro 8449314569
020 ## - NÚMERO INTERNACIONAL ESTÁNDAR DEL LIBRO
Número Internacional Estándar del Libro 9788449314568
029 1# - OTRO NÚMERO DE CONTROL DE SISTEMA (OCLC)
Identificador de la biblioteca OCLC NLC
Número de control de sistema 20040122840
035 ## - NÚMERO DE CONTROL DEL SISTEMA
Número de control de sistema (OCoLC)54444744
Número de control cancelado/no válido (OCoLC)53440721
041 1# - CÓDIGO DE IDIOMA
Código de lengua del texto/banda sonora o título independiente spa
Código de lengua original eng
043 ## - CÓDIGO DE ÁREA GEOGRÁFICA
Código de área geográfica n-us---
-- e-bn---
-- e-yu---
-- a-af---
055 01 - NÚMEROS DE CLASIFICACIÓN ASIGNADOS EN CANADÁ
Número de clasificación D 860
Número de ítem I24n 2003
082 04 - NÚMERO DE LA CLASIFICACIÓN DECIMAL DEWEY
Número de clasificación 909.829
049 ## - FONDOS LOCALES (OCLC)
Biblioteca depositaria GRAL
100 1# - ENTRADA PRINCIPAL--NOMBRE DE PERSONA
Nombre de persona Ignatieff, Michael,
Fechas asociadas al nombre 1947-
245 13 - MENCIÓN DEL TÍTULO
Título El nuevo imperio americano :
Resto del título la reconstrucción nacional en Bosnia, Kosovo y Afganistán /
Mención de responsabilidad, etc. Michael Ignatieff.
260 ## - PUBLICACIÓN, DISTRIBUCIÓN, ETC.
Lugar de publicación, distribución, etc. Barcelona :
Nombre del editor, distribuidor, etc. Paidós,
Fecha de publicación, distribución, etc. 2003.
300 ## - DESCRIPCIÓN FÍSICA
Extensión 120 p. ;
Dimensiones 23 cm.
440 #0 - MENCIÓN DE SERIE/PUNTO DE ACCESO ADICIONAL--TÍTULO
Título Paidós historia contemporánea ;
Designación de volumen o secuencia no. 012
500 ## - NOTA GENERAL
Nota general Translation of: Empire lite.
500 ## - NOTA GENERAL
Nota general Includes index.
650 #0 - PUNTO DE ACCESO ADICIONAL DE MATERIA--TÉRMINO DE MATERIA
Término de materia o nombre geográfico como elemento de entrada World politics
Subdivisión cronológica 1989-
651 #0 - PUNTO DE ACCESO ADICIONAL DE MATERIA--NOMBRE GEOGRÁFICO
Nombre geográfico United States
Subdivisión general Foreign relations
Subdivisión cronológica 1989-
650 #0 - PUNTO DE ACCESO ADICIONAL DE MATERIA--TÉRMINO DE MATERIA
Término de materia o nombre geográfico como elemento de entrada Humanitarian intervention
Subdivisión general Political aspects
Subdivisión geográfica United States.
651 #0 - PUNTO DE ACCESO ADICIONAL DE MATERIA--NOMBRE GEOGRÁFICO
Nombre geográfico Bosnia and Hercegovina
Subdivisión general Politics and government
Subdivisión cronológica 1992-
Subdivisión general Foreign influences.
651 #0 - PUNTO DE ACCESO ADICIONAL DE MATERIA--NOMBRE GEOGRÁFICO
Nombre geográfico Kosovo (Serbia)
Subdivisión general Politics and government
Subdivisión cronológica 1980-
Subdivisión general Foreign influences.
651 #0 - PUNTO DE ACCESO ADICIONAL DE MATERIA--NOMBRE GEOGRÁFICO
Nombre geográfico Afghanistan
Subdivisión general Politics and government
Subdivisión cronológica 2001-
Subdivisión general Foreign influences.
653 ## - TÉRMINO DE INDIZACIÓN--NO CONTROLADO
Término no controlado Estados Unidos
-- Polâitica internacional.
653 ## - TÉRMINO DE INDIZACIÓN--NO CONTROLADO
Término no controlado Guerra
-- Aspectos econâomicos.
653 ## - TÉRMINO DE INDIZACIÓN--NO CONTROLADO
Término no controlado Relaciones internacionales.
938 ## -
-- Puvill Libros
-- PUVL
-- 8449314569
-- $11.27
938 ## -
-- YBP Library Services
-- YANK
-- 2660405
938 ## -
-- Baker & Taylor
-- BKTY
-- 16.95
-- 16.95
-- 8449314569
-- 0006114721
-- active
942 ## - ELEMENTOS DE ENTRADA SECUNDARIOS (KOHA)
Fuente del sistema de clasificación o colocación Clasificación de Library of Congress
Tipo de ítem Koha
994 ## -
-- C0
-- DRFGD
Holdings
Estatus retirado Estado de pérdida Fuente del sistema de clasificación o colocación Estado de daño No para préstamo Colección Biblioteca de origen Biblioteca actual Ubicación en estantería Fecha de adquisición Código de barras Visto por última vez Copia número Tipo de ítem Koha
    Clasificación de Library of Congress     Automatización y Procesos Técnicos Biblioteca Juan Bosch Biblioteca Juan Bosch Automatización y Procesos Técnicos (1er. Piso) 17/02/2019 00000014982 17/02/2019 1